| 000 | 00000nam 2200000zi 4500 |
| 001 | 9.945305 |
| 003 | CaOODSP |
| 005 | 20250903115158 |
| 006 | m o d f |
| 007 | cr mn||||||||| |
| 008 | 241119s2024 oncbd obs f000 0 eng d |
| 020 | |a9780660745565 |
| 040 | |aCaOODSP|beng|erda|cCaOODSP |
| 043 | |an-cn--- |
| 086 | 1 |aPS83-3/482E-PDF |
| 100 | 1 |aHanby, Laura, |d1984- |eauthor. |
| 245 | 10|aExperiences at men's section 81 facilities : |ba qualitative examination / |cLaura Hanby, Danielle Hawthorn, Alexa Hildenbrand, Angela Smeth & Dena Derkzen. |
| 264 | 1|aOttawa, Ontario : |bCorrectional Service of Canada = Service correctionnel Canada, |c2024. |
| 300 | |a1 online resource (vi, 84 pages) : |bmaps, graphs. |
| 336 | |atext|btxt|2rdacontent |
| 337 | |acomputer|bc|2rdamedia |
| 338 | |aonline resource|bcr|2rdacarrier |
| 490 | 1 |aResearch report ; |vno. R-482 |
| 500 | |aIssued also in French under title: Expériences au sein des établissements pour hommes visés à l'article 81 : un examen qualitatif. |
| 504 | |aIncludes bibliographical references (pages 64-67). |
| 520 | |a"Healing Lodges are environments that are centered on Indigenous values, traditions, and beliefs. Within a correctional context, they offer interventions for Indigenous peoples to address the factors that led to their incarceration and prepare them for their release in the community. The current study focused on examining the benefits, experiences, and operational realities of men’s Healing Lodges operated by an Indigenous community or partner organization through an agreement under Section 81 of the Corrections and Conditional Release Act"--Executive summary, page iii. |
| 650 | 5|aIndigenous criminals|xRehabilitation|zCanada. |
| 650 | 0|aMinority prisoners|zCanada|vStatistics. |
| 650 | 0|aCorrectional institutions|zCanada. |
| 710 | 2 |aCorrectional Service Canada, |eissuing body. |
| 775 | 08|tExpériences au sein des établissements pour hommes visés à l'article 81 : |w(CaOODSP)9.945306 |
| 830 | #0|aResearch report (Correctional Service Canada. Research Branch)|vno. R-482.|w(CaOODSP)9.506063 |
| 856 | 40|qPDF|s1.12 MB|uhttps://publications.gc.ca/collections/collection_2025/scc-csc/PS83-3-482-eng.pdf |